Environmental Evaluation and Global Development Institutions : A Case Study of the Global Environment Facility.

Bibliographic Details
Main Author: Batra, Geeta.
Other Authors: Uitto, Juha I., Feinstein, Osvaldo N.
Format: eBook
Language:English
Published: Milton : Taylor & Francis Group, 2021.
Edition:1st ed.
Series:Advances in Evaluation and Development Series
Subjects:
Online Access:Click to View
LEADER 02487nam a22004213i 4500
001 EBC7244630
003 MiAaPQ
005 20231204023228.0
006 m o d |
007 cr cnu||||||||
008 231204s2021 xx o ||||0 eng d
020 |a 9781000481990  |q (electronic bk.) 
020 |z 9781032076140 
035 |a (MiAaPQ)EBC7244630 
035 |a (Au-PeEL)EBL7244630 
035 |a (OCoLC)1378936241 
040 |a MiAaPQ  |b eng  |e rda  |e pn  |c MiAaPQ  |d MiAaPQ 
082 0 |a 338.9/27 
100 1 |a Batra, Geeta. 
245 1 0 |a Environmental Evaluation and Global Development Institutions :  |b A Case Study of the Global Environment Facility. 
250 |a 1st ed. 
264 1 |a Milton :  |b Taylor & Francis Group,  |c 2021. 
264 4 |c Ã2022. 
300 |a 1 online resource (200 pages) 
336 |a text  |b txt  |2 rdacontent 
337 |a computer  |b c  |2 rdamedia 
338 |a online resource  |b cr  |2 rdacarrier 
490 1 |a Advances in Evaluation and Development Series 
505 0 |a Cover -- Half Title -- Series Page -- Title Page -- Copyright Page -- Contents -- List of figures -- Foreword -- Acknowledgments -- Abbreviations and acronyms -- 1. Introduction -- 2. Evaluation at the GEF -- 3. Evaluation and the replenishment process -- 4. Evaluation methods -- 5. Performance, effectiveness, and sustainability of GEF interventions -- 6. Toward transformational change -- 7. Boosting the benefits: Use of GEF IEO evaluations -- 8. Lessons from the GEF experience -- Appendix 1: Global Environment Facility Evaluation Policy -- Appendix 2: OPS6 Independent Advisory Panel Statement -- Appendix 3: Selected global environment facility evaluations and studies -- Appendix 4: Global environment facility projects referenced in this book -- Index. 
588 |a Description based on publisher supplied metadata and other sources. 
590 |a Electronic reproduction. Ann Arbor, Michigan : ProQuest Ebook Central, 2023. Available via World Wide Web. Access may be limited to ProQuest Ebook Central affiliated libraries.  
655 4 |a Electronic books. 
700 1 |a Uitto, Juha I. 
700 1 |a Feinstein, Osvaldo N. 
776 0 8 |i Print version:  |a Batra, Geeta  |t Environmental Evaluation and Global Development Institutions  |d Milton : Taylor & Francis Group,c2021  |z 9781032076140 
797 2 |a ProQuest (Firm) 
830 0 |a Advances in Evaluation and Development Series 
856 4 0 |u https://ebookcentral.proquest.com/lib/matrademy/detail.action?docID=7244630  |z Click to View